|
|
|
|
| LEADER |
01411nam a2200289 a 4500 |
| 001 |
12407 |
| 003 |
BD-DhAAL |
| 005 |
20231219141316.0 |
| 008 |
141207s2004 bg d f000 0 beno |
| 010 |
|
|
|a 2006346876
|
| 020 |
|
|
|a 9840744313
|
| 040 |
|
|
|a DLC
|c DLC
|d DLC
|d BD-DhAAL
|
| 041 |
|
|
|a ben
|
| 050 |
0 |
0 |
|a PK1687
|b .B25 2004
|
| 082 |
|
|
|2 22
|a 491.4/4/32
|
| 245 |
0 |
0 |
|a বাংলা ভাষায় আরবী ফারসী তুর্কী হিন্দী উর্দু শব্দের অভিধান /
|c সংকলন ও সম্পাদনা কাজী রফিকুল হক
|
| 260 |
|
|
|a ঢাকা :
|b বাংলা একাডেমী,
|c ২০০৪.
|
| 300 |
|
|
|a [একত্রিশ] ৩৩৬ পৃ ;
|c ২৩ সে. মি.
|
| 520 |
|
|
|a Dictionary of Arabic, Persian, Turkish, Hindi, and Urdu words that have become part of the Bengali language.
|
| 541 |
|
|
|e 12407
|
| 546 |
|
|
|a Bengali, Arabic, Persian, Turkish, Hindi, and Urdu.
|
| 650 |
|
0 |
|a Bengali language
|x Foreign words and phrases
|v Dictionaries.
|9 6667
|
| 700 |
1 |
|
|a হক, কাজী রফিকুল
|9 6668
|
| 710 |
2 |
|
|a বাংলা একাডেমী
|9 6669
|
| 942 |
|
|
|2 ddc
|c BK
|
| 999 |
|
|
|c 33252
|d 33252
|
| 952 |
|
|
|0 0
|1 0
|2 ddc
|4 0
|6 491_443200000000000_BAN
|7 0
|9 44399
|a BRACUL
|b BRACUL
|c REF
|d 2014-12-07
|g 170.00
|l 1
|m 29
|o 491.4432 BAN
|p 3010012407
|r 2017-04-07
|s 2016-10-02
|t 1
|w 2014-12-07
|y BK
|